[Event "FICGS class M 000010 email"]
[Site "FICGS email"]
[Date "2007.03.28"]
[Round "1"]
[White "Kuhne, Detlev"]
[Black "Drazkowski, Krzysztof"]
[Result "1/2-1/2"]
[WhiteElo "2375"]
[BlackElo "2335"]
[PlyCount "79"]
[EventDate "2007.??.??"]
[EventType "tourn (corr)"]
[EventRounds "6"]
[SourceTitle "Corr 2022"]
[Source "ChessBase"]
[SourceDate "2021.10.24"]
[SourceVersion "1"]
[SourceVersionDate "2021.10.24"]
[SourceQuality "1"]

1. e4 c5 2. Nf3 Nc6 3. d4 cxd4 4. Nxd4 Nf6 5. Nc3 e5 6. Ndb5 d6 7. Bg5 a6 8. Na3 b5 9. Nd5 Be7 10. Bxf6 Bxf6 11. c3 Rb8 12. Nc2 Bg5 13. a4 bxa4 14. Ncb4 Bd7 15. Bxa6 Nxb4 16. Nxb4 0-0 17. Be2 Qf6 18. 0-0 Qh6 19. h3 Kh8 20. Qc2 f5 21. exf5 Bxf5 22. Qxa4 e4 23. Qa7 Bf4 24. Ra5 Qg6 25. Nd5 Be5 26. Ne7 Qg5 27. h4 Qf6 28. f4 exf3 29. Rxf3 g6 30. Nxf5 gxf5 31. Bd3 Qxh4 32. Rh3 Qe1+ 33. Bf1 Bg7 34. Ra2 Qb1 35. Ra4 f4 36. Rxf4 h6 37. Rhf3 Qxb2 38. Rxf8+ Rxf8 39. Rxf8+ Bxf8 40. Qd4+ 1/2-1/2